| 000 | 00813nam a2200289 a 4500 | ||
|---|---|---|---|
| 008 | |||
| 020 | _a0716723808 (hbk.) | ||
| 049 | _aMAIN | ||
| 090 |
_aQH581.2 _bLOD |
||
| 100 | _aLodish, Harvey. | ||
| 245 | 1 | 0 |
_aMolecular cell biology / _cHarvey Lodish. |
| 260 |
_aNew York : _bScientific American Books , _c1995. |
||
| 300 | _a3rd. ed. | ||
| 300 |
_axliii,1344p. : _bill(col). ; _c28 cm. |
||
| 504 | _aIncludes bibliographical references | ||
| 500 | _aIncludes index. | ||
| 650 | 1 | _aCytology | |
| 700 | _aMatsudaira, Paul | ||
| 700 | _azipursky, Lawrence S | ||
| 700 | _aBerk, Arnold | ||
| 700 | _aBaltimore, David | ||
| 907 |
_a.b10185070 _b02-05-13 _c11-01-06 |
||
| 003 | |||
| 005 | 20230123134155.0 | ||
| 040 | _cNUST | ||
| 942 |
_cBOOKS _kQH581.2 _mLOD |
||
| 999 |
_c161327 _d161327 |
||